| 000 | 00432nam a2200145Ia 4500 | ||
|---|---|---|---|
| 008 | 210210b1969 xxu||||| |||| 00| 0 eng d | ||
| 082 | _a547.7 PRAO | ||
| 100 | _aPRAKASH (A) & PRABHA (P). | ||
| 245 | _aOrganic chemistry. V1. | ||
| 260 |
_aMeerut _bKedar Nath Ram Nath _c1969 |
||
| 300 | _aii,107 | ||
| 650 | _aAmino Acids Proteins Carbohydrates Enzymes Fermentation Tautomerism | ||
| 690 | _aOrganic Chemistry | ||
| 906 | _aSG00450 | ||
| 999 |
_c111906 _d111906 |
||